000 00703nam a2200205Ii 4500
003 JO-AjNU
008 230605s9999||||xx |||||||||||||| ||und||
040 _aJO-AjNU
_bara
_erda
_cJO-AjNU
041 _aara
050 1 4 _aBP80.U7.M8.1982
100 3 _aرضا،محمد,
_eauthor
_98406
245 0 0 _aذي النورين عثمان بن عفان الخليفة الثالث
250 _aط2
264 3 1 _aبيروت:دار الكتب العلمية ،1982
300 _a240ص
336 _atext
_btxt
_2rdacontent
337 _aunmediated
_bn
_2rdamedia
338 _avolume
_bnc
_2rdacarrier
650 4 _aالخلفاء الراشدون-الصحابة والتابعون-عثمان بن عفان
_98407
999 _aA771
_c4339
_d4339